Řízení profesní kariéry
Riadenie profesionálnej kariéry sa stáva významnou súčasťou personálneho manažmentu. Profesionálna kariéra ako súčasť životnej dráhy človeka. Úloha organizácie pri formovaní kariéry zamestnanca. Ciele profesionálnej kariéry. Výber zamestnancov.
Guardado en:
| Autor principal: | |
|---|---|
| Otros Autores: | |
| Formato: | Capítulo de libro |
| Lenguaje: | checo |
| Materias: | |
| Etiquetas: |
Sin Etiquetas, Sea el primero en etiquetar este registro!
|
MARC
| LEADER | 00000naa a2200000 4500 | ||
|---|---|---|---|
| 001 | r030876 | ||
| 005 | 20230426082132.3 | ||
| 041 | 0 | |a cze | |
| 044 | |a CZ | ||
| 245 | 1 | 0 | |a Řízení profesní kariéry |c J. Růžička, M. Koš |
| 520 | |a Riadenie profesionálnej kariéry sa stáva významnou súčasťou personálneho manažmentu. Profesionálna kariéra ako súčasť životnej dráhy človeka. Úloha organizácie pri formovaní kariéry zamestnanca. Ciele profesionálnej kariéry. Výber zamestnancov. | ||
| 610 | 2 | 0 | |a manažment personálny |
| 610 | 2 | 0 | |a kariéra |
| 610 | 2 | 0 | |a výber pracovníkov |
| 610 | 2 | 0 | |a práca personálna |
| 610 | 2 | 0 | |a hodnotenie pracovníkov |
| 100 | 1 | |a Růžička, Jiří | |
| 700 | 1 | |a Koš, Mojmír | |